De la contabilidad a los sistemas de información contable en la escuela media : de la escuela comercial a la educación polimodal /

Guardado en:
Autor Principal: Tasca, Eduardo Luis
Formato: Libro
Publicado: Buenos Aires : Macchi
Series:Aportes metodológicos
Materias:
Etiquetas: Agregar Etiqueta
Sin Etiquetas, Sea el primero en etiquetar este registro!
LEADER 01516nam a22002175a 4500
001 CEM.cems010985
005 20071218213451.0
008 130507b######################000#0#####d
003 CEMS
020 |a 9505375166 
082 0 4 |a 372.8657 
100 1 |a Tasca, Eduardo Luis 
245 1 0 |a De la contabilidad a los sistemas de información contable en la escuela media :  |b de la escuela comercial a la educación polimodal /  |c Eduardo Luis Tasca 
260 |a Buenos Aires :  |b Macchi 
300 |a 109 p. 
490 0 |a Aportes metodológicos 
505 0 |a De la escuela comercial a la educación polimodal: la modalidad comercial y la realidad de nuestros días, la educación polimodal, la modalidad economía y gestión de las organizaciones - El aprendizaje de la contabilidad como un proceso de construcción de nuevos esquemas cognitivos - Una sistematización del proceso de enseñanza y aprendizaje de la técnica de registro contable de operaciones - Una sistematización del proceso de enseñanza y aprendizaje de la técnica de confección del balance general - Las prácticas docentes y las prácticas contable - Los contenidos contables en la Modalidad Economía y Gestión de las Organizaciones de la Educación Polimodal - A manera de colofón - Anexo. Modalidad economía y gestión de las organizaciones - Bibliografía. 
653 |a Enseñanza 
653 |a Contabilidad-enseñanza 
653 |a Sistemas de información contable-enseñanza. 
859 |a CEMS  |b BIB. CEMS - 11 de abril  |h 372.8657  |i T181  |p 21781.02  |t Ej.1